000 00518nam a22001697a 4500
999 _c62255
_d62255
005 20240905150511.0
008 240905c2007 enk||||| |||| 00| 0 eng d
022 _a0149 9246
041 _aeng
245 _aHastings International and Comparative Law Review :
_b2007 /
_cEditor S. Aminzadeh.
260 _aCalifornia,
_c2007.
300 _aV.
653 _a სამართალი
653 _aპერიოდიკა
700 _aAminzadeh, S.
_eრედაქტორი
_923167
942 _2udc
_cCR